Central Library and Information Centre
Sibsagar Girls' College, Sivasagar : Assam

HORNBILL (TEXTBOOK IN ENGLISH ) For XI (Record no. 10794)

MARC details
000 -LEADER
fixed length control field 00501cam a2200193ua 4500
008 - FIXED-LENGTH DATA ELEMENTS--GENERAL INFORMATION
fixed length control field 160315n2010 II |||gr||||Z||||||eng
040 ## - CATALOGING SOURCE
Original cataloging agency MAIN
041 ## - LANGUAGE CODE
-- English
082 ## - DEWEY DECIMAL CLASSIFICATION NUMBER
Classification number 820 AHS
100 ## - MAIN ENTRY--PERSONAL NAME
Personal name AHSEC.
245 ## - TITLE STATEMENT
Title HORNBILL (TEXTBOOK IN ENGLISH ) For XI
260 ## - PUBLICATION, DISTRIBUTION, ETC.
Place of publication, distribution, etc. GUWAHATI
Name of publisher, distributor, etc. AHSEC
Date of publication, distribution, etc. 2010
300 ## - PHYSICAL DESCRIPTION
Extent 118:
Dimensions 20CM.
500 ## - GENERAL NOTE
General note TRANSFERRED TO SANASKRITI JUNIOR COLLEGE, SGC
700 ## - ADDED ENTRY--PERSONAL NAME
Personal name AHSEC.,
Relator term Author.
942 ## - ADDED ENTRY ELEMENTS (KOHA)
Koha item type Books
653 ## - INDEX TERM--UNCONTROLLED
Uncontrolled term English.& Old English literatures
Holdings
Withdrawn status Lost status Damaged status Not for loan Collection code Home library Current library Shelving location Date acquired Full call number Barcode Date last seen Copy number Price effective from Koha item type
        Textbook Central Library and Information Centre Sibsagar Girls College Central Library and Information Centre Sibsagar Girls College English Rack 18.03.1987 820 AHS 09327 27.02.2020 1 27.02.2020 Books


Sibsagar Girl's College © 2020. All rights reserved.
Powered by Koha.
Maintained by Abhijit Borpuzari.